00599nam a2200181Ia 4500008004100000041000800041082001300049100002100062245002700083260003500110300000900145500003400154650002300188700002100211906000700232999001700239952016100256230125s9999 xx 000 0 und d aeng a823bTAG aTagore R9112636 aSelected short stories c2000bPenguin booksaNew Delhi a322p aEnglish Literature;Literature aEnglish Literature aTagore R9112636 b38 c89625d89625 00104070aHIMRbHIMRd2004-03-10eBroadway Book Centreg250.00i1819l0o823 TAG B03780pHIMR-BK-3780r2023-01-25 00:00:00v212.00w2004-02-28yBKzB03780